000 00949nam a22002537a 4500
005 20150401153408.0
010 _aBAC-EN21 ENG-111771 B-593944
020 _a9788121904711
_c340.00
020 _a8121904714
_c340.00
035 _aEN-95303
035 _aB-593196 B-593944
037 _bUBH/Ven
_adpl
037 _bDBAD/PUB
082 _a515.33
100 _aShanti Narayan
245 _aDifferential calculus for B.A. & B.Sc. classes as per UGC model syllabus /
_cby Shanti Narayan; revised by P.K. Mittal
260 _aNew Delhi
_bS. Chand
_c2014(repr.)
270 _a7361,Ram Nagar
_bNew Delhi
_e110055
300 _axi,572p.
_c24 cm(pbk)
700 _aMittal, P.K.
942 _2ddc
_cEN
_mSHA
_h515.33
999 _c89044
_d89044